| 000 | 02166cas a2200433 a 4500 | ||
|---|---|---|---|
| 001 | 11739675 | ||
| 005 | 20080130050303.0 | ||
| 008 | 990603c19969999enkar s 0 0eng d | ||
| 010 | _asn 98032289 | ||
| 035 | _a(OCoLC)ocm35177051 | ||
| 040 |
_aAzGAGS _cAzGAGS _dNN _dMH _dInU _dDLC _dMH _dMH-L _dInU _dMH _dHkUST _dDLC _dNNC |
||
| 042 | _alc | ||
| 050 | 0 | 0 |
_aHF1414 _b.G559 |
| 082 |
_220 _a327.09045 _bGLO |
||
| 245 | 0 | 4 | _aThe global competitiveness report. |
| 260 |
_aGeneva : _bWorld Economic Forum |
||
| 300 |
_av. : _bill. ; _c30 cm. |
||
| 310 | _aAnnual | ||
| 362 | 1 | _aBegan in 1996. | |
| 500 | _aDescription based on: 1997. | ||
| 500 | _aVols. for <1999>-2003/2004 published: New York ; Oxford : Oxford University Press; 2004/2005- : Basingstoke, Hampshire : Palgrave Macmillan. | ||
| 500 | _aVols. for 2001/2002- accompanied by CD-ROM with results from the executive opinion survey. | ||
| 500 | _aLatest issue consulted: 2004/2005. | ||
| 530 | _aVols. beginning 2003/2004- available also on CD-ROM entitled: The global competitiveness report. Results of the executive opinion survey, which includes, country profiles and a customized data search. | ||
| 550 | _aPublished in collaboration with: Center for International Development at Harvard University, 2000-2001/2002. | ||
| 580 | _aHas companion publication with title: Arab world competitiveness report. | ||
| 650 | 0 |
_aCompetition, International _vStatistics _vPeriodicals. _95988 |
|
| 650 | 0 |
_aInternational trade _vStatistics _vPeriodicals. _95989 |
|
| 710 | 2 |
_aWorld Economic Forum. _95990 |
|
| 710 | 2 |
_aHarvard University. _bCenter for International Development. _95991 |
|
| 780 | 0 | 1 |
_tWorld competitiveness report _x1015-5449 _w(DLC)sn 89651047 _w(OCoLC)15178540 |
| 787 | 1 |
_tArab world competitiveness report _w(DLC) 2003234506 _w(OCoLC)51748919 |
|
| 942 |
_2ddc _cBB |
||
| 999 |
_c11785 _d11785 |
||